000 00327nam a22001337a 4500
003 SGT
082 _a617.63
_bR14S
100 _aSONI, TAMANNA
245 _aROLE OF ORAL PHYSICIAN IN GERIATRIC PATIENTS
260 _aDELHI NCR
_bSGT UNIVERSITY GURUGRAM
_c2014
300 _a1-91
650 _aORAL MEDICINE
942 _2ddc
_cTH
999 _c18946
_d18946